| 000 | 00539nam a22001817a 4500 | ||
|---|---|---|---|
| 005 | 20140826144359.0 | ||
| 010 | _aENG-110606 | ||
| 020 |
_a9788184301786 _c400.00 |
||
| 035 | _aEN-94138 | ||
| 037 | _bDBAD/PUB | ||
| 082 | _a153.94 | ||
| 100 | _aRanjit Singh | ||
| 245 |
_aUnique help book on SSB interviews and personality development / _cby Ranjit Singh |
||
| 260 |
_aNew Delhi _bOcean Books _c2013 |
||
| 270 |
_a4/19 Asaf Ali Road _bNew Delhi _e110002 |
||
| 300 |
_a328p. _c22cm(Hb) |
||
| 942 |
_2ddc _cEN _mRAN _h153.94 |
||
| 999 |
_c87623 _d87623 |
||